000
00289nam a22001337a 4500
008
170401b xxu||||| |||| 00| 0 eng d
020
_a
9780321598707
041
_a
eng
080
_a
617
100
_a
9
101
_a
SHM
245
_a
ENVIRONMENTAL SCIENCE
_c
BOORSE, D.F
942
_2
udc
_c
BK
999
_c
9390
_d
9390